The rise and decline of buddhism in India / (Record no. 128184)

MARC details
000 -LEADER
fixed length control field 00752nam a22002297a 4500
005 - DATE AND TIME OF LATEST TRANSACTION
control field 20170124110036.0
010 ## - LIBRARY OF CONGRESS CONTROL NUMBER
LC control number A-790985
020 ## - INTERNATIONAL STANDARD BOOK NUMBER
Terms of availability 00.00
International Standard Book Number 8121506514
035 ## - SYSTEM CONTROL NUMBER
System control number A-790985
037 ## - SOURCE OF ACQUISITION
Source of stock number/acquisition Cen Lib/Ret
040 ## - CATALOGING SOURCE
Original cataloging agency dpl
Language of cataloging EN
082 ## - DEWEY DECIMAL CLASSIFICATION NUMBER
Classification number 954.013
Item number HAZ
100 ## - MAIN ENTRY--PERSONAL NAME
Personal name Hazra, Kanai Lal
9 (RLIN) 12303
245 ## - TITLE STATEMENT
Title The rise and decline of buddhism in India /
Statement of responsibility, etc by Kanai Lal Hazra
260 ## - PUBLICATION, DISTRIBUTION, ETC. (IMPRINT)
Name of publisher, distributor, etc Munshiram Manoharlal Publishers Pvt. Ltd.
Place of publication, distribution, etc New Delhi
Date of publication, distribution, etc 1995
270 ## - ADDRESS
Address Post Box 5715, 54 Rani Jhanshi Road
City New Delhi
Postal code 110055
300 ## - PHYSICAL DESCRIPTION
Extent xii,449p.
Dimensions 20cm(Hb)
500 ## - GENERAL NOTE
General note Includes bibliographical references and index
650 ## - SUBJECT ADDED ENTRY--TOPICAL TERM
Topical term or geographic name as entry element Buddhism.
9 (RLIN) 1068
650 ## - SUBJECT ADDED ENTRY--TOPICAL TERM
Topical term or geographic name as entry element History of Buddhism.
9 (RLIN) 22643
942 ## - ADDED ENTRY ELEMENTS (KOHA)
Source of classification or shelving scheme Dewey Decimal Classification
Koha item type English Books
Classification part 954.013
Call number suffix HAZ
Holdings
Withdrawn status Lost status Damaged status Not for loan Home library Current library Date acquired Source of acquisition Cost, normal purchase price Total Checkouts Full call number Barcode Date last seen Copy number Cost, replacement price Price effective from Koha item type Public note
Written off       Central Library Central Library 01/07/2015 Cen Lib/Ret 0.00   954.013 HAZ A-790985 01/07/2015 1 0.00 01/07/2015 English Books W/d List No. 8129/15; dtd 18.2.2017

© Delhi Public Library
Hit Counter
free hit counter